Method Of Test For Hydraulic Power And Lifting Capacity Agricultural Teactors (Record no. 2177)

MARC details
000 -LEADER
fixed length control field 00318nam a22001217a 4500
041 ## - LANGUAGE CODE
Language code of text/sound track or separate title ENG
100 ## - MAIN ENTRY--PERSONAL NAME
Personal name IS 12224-1987
245 ## - TITLE STATEMENT
Title Method Of Test For Hydraulic Power And Lifting Capacity Agricultural Teactors
260 ## - PUBLICATION, DISTRIBUTION, ETC. (IMPRINT)
Place of publication, distribution, etc New Delhi
Name of publisher, distributor, etc BIS
Date of publication, distribution, etc 1987
300 ## - PHYSICAL DESCRIPTION
Extent 05
650 ## - SUBJECT ADDED ENTRY--TOPICAL TERM
Topical term or geographic name as entry element BIS Tist Code
856 ## - ELECTRONIC LOCATION AND ACCESS
Uniform Resource Identifier BIS Tist Code
Holdings
Withdrawn status Lost status Source of classification or shelving scheme Damaged status Not for loan Home library Current library Shelving location Date acquired Cost, normal purchase price Total Checkouts Barcode Date last seen Price effective from Koha item type
    Dewey Decimal Classification     College of Agricultural Engineering and Technology, Dapoli , Library College of Agricultural Engineering and Technology, Dapoli , Library Book Cart 11/10/2021 160.00   005281 11/10/2021 11/10/2021 Books

Contact Us: College of Agricultural Engineering and Technology, Dapoli, Dist.- Ratnagiri
Website: https://dbskkv.org Email: caetlibrary2015@gmail.com